Quizzes
Events
Quiz Creation
Community
Videos
Private Events
Remove Ads
Sign In
Join for FREE
Feedback
Dark Mode
Quiz Categories
Sports
Geography
Music
Movies
Television
Just For Fun
Miscellaneous
History
Literature
Language
Science
Gaming
Entertainment
Religion
Holiday
For Kids
Quiz Lab
Recent
Popular Today
Quiz Kudos Today
Editor Picks
Curator Picks
Quizzes by...
Day
Popularity
Type
Ratings
Length
Year
Community
Subscriptions
Recent Discussions
Orange Saloon
Badges
Playlists
Quests
Create
Leaderboards
Showdown
Live 5
Trivia Bingo
Activity
Puzzle Library
Sporcle Events
Private Events
Virtual Trivia
Globe League
Become a Host
Pub Owners
SporcleCon
Opinionation
Our Games
Videos
Blog
Mobile Apps
Partnerships
Remove Ads and Go Orange
Feedback
Sports
Athletes
MLB
NBA
NHL
NFL
Soccer
Sports Teams
WWE
NCAA
Football
Premier League
Basketball
Baseball
Hockey
Golf
Tennis
Cricket
Rugby
Auto Racing
Olympics
World Cup
Sports
Athletes
MLB
NBA
NHL
NFL
Soccer
Sports Teams
WWE
NCAA
Football
Premier League
Basketball
Baseball
Hockey
Golf
Tennis
Cricket
Rugby
Auto Racing
Olympics
World Cup
Random Quiz
Search Sporcle
×
Quiz Lab
Quiz Lab
Sports
Athletes
Type in answers that appear in a list
Type in answers that appear in a list
Classic
Best Score? Go Orange.
ESPN The Magazine Covers Stats
Can you name the ESPN The Magazine Cover Athletes who have appeared three or more times?
By
ChaunceyO
5m
37 Questions
2,756 Plays
2,756 Plays
2,756 Plays
Comments
Comments
Give Quiz Kudos
Give Quiz Kudos
-
- Ratings
hide this ad
More Info
Replay
Link that replays current quiz
Next Quiz
Link to next quiz in quiz playlist
You Got
0%
They Got
Avg Score
80%
Avg Friend Score
Upgrade to see
Score Distribution
Jump to the score distribution portion of the page
Score
0/37
Timer
05:00
0
Plays Today
League/Teams
Name
% Correct
NBA/
Lakers
Kobe Bryant
99.3%
NBA/
Cavaliers
Lebron James
98.8%
NBA/
Bulls/
Wizards*
Michael Jordan
98.7%
NFL/
Colts
Peyton Manning
96%
Womens Tennis
Serena Williams
94.8%
NFL/
Saints/
Dolphins
Ricky Williams
94.4%
Swimming
Michael Phelps
94.2%
MLB/
Mariners/
Rangers/
Yankees
Alex Rodriguez
92%
NBA/
Magic/
Lakers/
Heat/
Cavaliers
Shaquille O'Neal
91.6%
Golf
Tiger Woods
91%
NBA/
Timberwolves/
Celtics
Kevin Garnett
89.6%
NBA/
Magic
Dwight Howard
88.9%
MLB/
Cardinals
Albert Pujols
88.5%
MLB/
Giants*
Barry Bonds
87.4%
NBA/
76ers/
Nuggets/
Pistons/
Grizzlies/
76ers*
Allen Iverson
86.7%
NBA/
Nuggets
Carmelo Anthony
86.6%
NFL/
49ers/
Eagles/
Cowboys/
Bills
Terrell Owens
85.4%
NFL/
Vikings/
Raiders/
Patriots
Randy Moss
84.1%
Snowboarding
Shaun White
83.5%
League/Teams
Name
% Correct
NBA/
Spurs
Tim Duncan
83.4%
NBA/
Thunder
Kevin Durant
81.7%
NFL/
Vikings
Adrian Peterson
80.7%
NBA/
Hornets
Chris Paul
79.8%
NFL/
Eagles/
Redskins
Donovan McNabb
79.7%
NFL/
Falcons/
Jail/
Eagles
Michael Vick
79%
MLB/
Mariners
Ichiro Suzuki
77.9%
NFL/
Rams/
Giants/
Cardinals*
Kurt Warner
77.4%
NBA/
Raptors/
Nets/
Magic
Vince Carter
75.4%
NFL/
Chargers/
Jets
LaDanian Tomlinson
75.3%
NBA/
Mavericks/
Suns/
Nets/
Mavericks
Jason Kidd
73.6%
NFL/
Bears
Brian Urlacher
72.2%
NFL/
Titans
Vince Young
71.7%
NASCAR
Dale Earnhardt Jr.
69%
MLB/
A's/
Cardinals*
Mark McGwire
67.1%
NBA/
Bulls/
Clippers/
76ers
Elton Brand
54.2%
NFL/
Cardinals
Matt Leinart
31.8%
WNBA/
Mercury
Diana Taurasi
29.9%
Quiz Playlist
Details
Report
Send in Message
Add To Playlist
More Info:
A * means they are retired.
Classic:
Type in answers that appear in a list
Last Updated: Apr 4, 2018
Quiz Scoreboard
CHALLENGE
Sign Up to Join the Scoreboard
Show All
Scores
Hide
Comments
May contain spoilers
Recently Published
Movies - When Are They Set?
by FPL_Elf
Movies
5m
Popular People in 1961
by mucciniale
History
6m
1-10 Letter E Words III
by El_Dandy
Language
2m
More to Explore
Quiz From the Vault
Featured Blog Post
Where Did the Easter Bunny Come From?
hide this ad
You Might Also Like...
Tags
Athletes Quiz
Cover
ESPN
Magazines
three
Today's Top Quizzes in Sports
Browse Sports
hide this ad
Today's Top Quizzes in Athletes
Browse Athletes
Top Contributed Quizzes in Sports
1
Les meilleurs buteurs des matchs entre le PSG et l’OM
2
FIFA Club World Cup Champions
3
Les entraîneurs de l'OM et du PSG au 21e siècle
4
2022 World Cup Stars
5
Name the Premier League winners with different clubs
6
La finale Lions - Afrique du Sud 2021
7
Criteria MLB: Left Handed Sluggers
8
Les joueurs passés par le LOSC et le RC Lens
9
Players with Multiple 50 Home Run Seasons
10
MLB Players with Two .350 Batting Average Seasons
Explore More
Trending Topics
NBA
Disney
Harry Potter
Crossword
Kpop
Marvel
Anime
The Office
NFL
Song
Soccer
Pokémon
WWE
Country
Puzzle
hide this ad
More By:
ChaunceyO
Quiz
Plays
Rating
Category
Featured
Created
NBA (obscure) Nicknames
8,554
1.64
Sports
Apr 25, 2010
ESPN The Magazine Covers
2,756
3.17
Sports
Apr 15, 2010
Top Rated Players in Madden 2005
997
4.20
Sports
Apr 26, 2010
NBA Jersey Sales 2010
984
3.40
Sports
Apr 28, 2010
15 Random Things I'm Sitting Around
95
2.14
Miscellaneous
Apr 24, 2010
Go to Creator's Profile
Score Distribution
Quiz Creator Spotlight
ChaunceyO
Follow
Send a Message
Quizzes Created
-
Created Quiz Play Count
-
More By This Creator
Popular Quizzes Today
1
Find the Countries of Europe - No Outlines Minefield
2
Find the US States - No Outlines Minefield
3
The Countries of the World
4
Popular People in 1961
5
1-10 Letter E Words III
6
US States
7
Find the US States
8
One Thing in Common: World Cities II
More Sports Quizzes
21st Century XIs: Paris Saint-Germain
Quiz Lab
Trending Quizzes
Risky Map Clicking: Least Populous States A-Z
Humor Books: The Subtitles
1-10 Letter F Words
1-10 Letter G Words
One Thing in Common: United Kingdom
Recently Updated
Leaping Animals
pecheneg
Reality TV Shows (A-Z)
bhenderson79
Rickey Henderson's Hall of Fame Teammates
pecheneg
Champions League XIs: Arsenal
pecheneg
Quick Pick: Celebrities in WWE's Hall of Fame
aduchscher
A-Z Keypad Blitz II
pecheneg
Multiple Oscar Actors
pecheneg
Mystery Phrase Blitz: Oscar 'Best Actors'
pecheneg
F. Scott Fitzgerald Novels
LTH
Pick 3 Villains
ddd62291
Trending Topics
NBA
Harry Potter
Kpop
Anime
Crossword
Disney
Marvel
Soccer
Puzzle
The Office
Country
Song
NFL
Pokémon
WWE
Your Account Isn't Verified!
In order to create a playlist on Sporcle, you need to verify the email address you used during registration. Go to your
Sporcle Settings
to finish the process.
Report this User
Report this user for behavior that violates our
Community Guidelines
.
Details:
Send Report
Go to the Sporcle.com Mobile Site →
Comments